000
00301nam a22001217a 4500
008
230621b xxu||||| |||| 00| 0 eng d
082
_a
328.3
_b
IPU
100
_c
IPU
245
_a
114th IPU Assembly
_b
Summary Records of the Proceedings Kenya
260
_b
IPU
_c
2006
300
_a
243p
942
_2
ddc
_c
BK
999
_c
2053
_d
2053